Riconosci il Pokémon - Quiz n°830 - Statistics

Statistiche generali
  • Questo quiz è stato fatto 29 volte
  • Il punteggio medio è 9 su 10
Statistiche sulle risposte
Indizio Riposta % Corretto
Tipo Erba / Veleno
100%
Stadio evoluzione Forma Base
100%
Generazione Prima
100%
Altezza 0,5 m
91%
Tasso di cattura 255 (43.9%)
86%
Peso 5,4 kg
86%
Abilità Clorofilla; Fugafacile
86%
Sesso 50% ♂, 50% ♀
82%
Tasso di allevamento Medio-Lento
82%
Pokémon Oddish
73%
Nessun quiz corrispondente trovato
Distribuzione punteggi
Percentuale di utenti per punteggio
Percentile per numero di risposta
I tuoi punteggi nel tempo
Non hai fatto questo quiz